| 000 | 01680nam a22001577a 4500 | ||
|---|---|---|---|
| 041 | _aukr | ||
| 080 | _a09 | ||
| 090 | _bШЕВ | ||
| 100 | _aШевцова, Ю. О. | ||
| 245 | _aЕнциклопедичні словники: паперовий та он-лайн варіанти | ||
| 260 |
_aОстрог _bКАФ _c2013 |
||
| 300 | _a56 | ||
| 520 |
_aВступ.
Розділ І. Паперові та електронні енциклопедичні словники.
1.1. Словник та його різновиди: паперовий та електронний варіанти
1.2. Проблеми та перспективи використання паперових та електронних словників у сучасному світі
Розділ ІІ. Вікіпедія як найбільше он-лайнове джерело інформації.
2.1. Історія створення вільної он-лайн енциклопедії
2.2. Модель функціонування Вікіпедії
2.3. Інформаційні та лінгвістичні особливості Вікіпедії
Розділ ІІІ. Охорона праці та безпека в надзвичайних ситуаціях.
3.1. Законодавча і нормативна база України з охорони праці
3.2. Характеристика процедур управління ризиками
Висновки.
Список використаних джерел та літератури.
Додатки. _0словник, Вікіпедія, енциклопедія |
||
| 650 | _aResearch Papers | ||
| 999 |
_c285356 _d285356 |
||
| 942 | _cBK | ||